01599nam a2200421 i 450000100060000000300090000600500170001500800390003201500180007102000150008903500230010403500360012703500140016303500210017703500230019803500440022104000280026508000060029324502300029925000140052926000440054330000470058733600270063433700540066133800280071538000160074338800140075965000280077365000180080165500220081965800110084170000480085270000450090070000350094570000480098071000510102885600980107928647KOSZ 00520200528124338.0971113s1988 pl a f |000 0 pol aUWD 1988/7693 a8321400213 a991003211259705066 a(PL-WaBN)b10863874-48omnis_nlop ab10863874 a(OCoLC)749400426 a(PL)b0000001086387 a(EXLNZ-48OMNIS_NETWORK)9910402354605606 aWA NcWA NdKOSZ 005/EG a610aEncyklopedia odkryć i wynalazków :bchemia, fizyka, medycyna, rolnictwo, technika /c[kom. red. Bolesław Orłowski, Zbigniew Płochocki, Zbigniew Przyrowski ; noty encyklopedyczne napisali Krzysztof Błaszkowski et al.]. a[Wyd. 2]. aWarszawa :b"Wiedza Powszechna",c1988. a479, [1] s. :bfot., rys., wykr. ;c25 cm. aTekstbtxt2rdacontent aBez urządzenia pośredniczącegobn2rdamedia aWoluminbnc2rdacarrier aKsiążki a1901-2000 7aNauki przyrodnicze2DBN 7aTechnika2DBN 7aEncyklopedia2DBN aChemia1 aBłaszkowski, Krzysztofd(1935-1995)eAutor1 aOrłowski, Bolesławd(1934- )eRedakcja1 aPłochocki, ZbignieweRedakcja1 aPrzyrowski, Zbigniewd(1921-2008)eRedakcja2 aPaństwowe Wydawnictwo Wiedza Powszechna4pbl uhttp://koha.tu.koszalin.pl/cgi-bin/koha/opac-detail.pl?biblionumber=28647yKatalog online BPK